000 00593cam a22002052 4500
001 0000019214
005 20151217152148.0
008 101021s xx 000 0 eng d
020 _a0071276165 :
040 _aKABU
_cKABU
245 1 0 _aAdvanced financial accounting /
_cRichard E. Baker ... [et al.].
250 _a8th ed.
260 _aBoston :
_bMcGraw-Hill,
_c2009.
300 _axxvi, 1058 p.
650 0 _aAccounting.
_@0000148321
700 1 _aBaker, Richard E.
_@0000178858
852 1 _9p1916.20
908 _a101021
950 _@1
999 _c8878
_d8878